आवाज रोशनी है/ (Record no. 200936)

MARC details
000 -LEADER
fixed length control field 00845nam a22002177a 4500
003 - CONTROL NUMBER IDENTIFIER
control field dpl
005 - DATE AND TIME OF LATEST TRANSACTION
control field 20240221162247.0
008 - FIXED-LENGTH DATA ELEMENTS--GENERAL INFORMATION
fixed length control field 240220b |||||||| |||| 00| 0 eng d
010 ## - LIBRARY OF CONGRESS CONTROL NUMBER
LC control number HIN-126926
020 ## - INTERNATIONAL STANDARD BOOK NUMBER
International Standard Book Number 9788195953837
Terms of availability 200.00
035 ## - SYSTEM CONTROL NUMBER
System control number HN-99272
037 ## - SOURCE OF ACQUISITION
Source of stock number/acquisition DBAD/PUB
040 ## - CATALOGING SOURCE
Transcribing agency 0
082 ## - DEWEY DECIMAL CLASSIFICATION NUMBER
Classification number 820.08
100 ## - MAIN ENTRY--PERSONAL NAME
Personal name अमिता प्रकाश
9 (RLIN) 62287
245 ## - TITLE STATEMENT
Title आवाज रोशनी है/
Statement of responsibility, etc अमिता प्रकाश
260 ## - PUBLICATION, DISTRIBUTION, ETC. (IMPRINT)
Place of publication, distribution, etc देहरादून
Name of publisher, distributor, etc काव्यांश प्रकाशन
Date of publication, distribution, etc 2023
270 ## - ADDRESS
Address वशिष्ठ सदन , 72 रेलवे रोड ऋषीकेश (देहरादून)
City देहरादून-249201
300 ## - PHYSICAL DESCRIPTION
Extent 136पृष्ठ;
Dimensions 22cm (अजिल्द)
942 ## - ADDED ENTRY ELEMENTS (KOHA)
Source of classification or shelving scheme Dewey Decimal Classification
Koha item type Hindi Books
Classification part 820.08
Call number suffix अमिता
Holdings
Withdrawn status Lost status Source of classification or shelving scheme Damaged status Not for loan Collection code Home library Current library Date acquired Source of acquisition Cost, normal purchase price Total Checkouts Full call number Barcode Date last seen Copy number Cost, replacement price Koha item type
    Dewey Decimal Classification     Fiction Sarojini Nagar Sarojini Nagar 20/02/2024 DBAD/PUB 200.00   820.08 अमिता HN-99272 20/02/2024 1 200.00 Hindi Books

© Delhi Public Library
Hit Counter
free hit counter